LEADER 01230nam a2200277 u 4500 001 000000006148 003 CaOOAMICUS 005 20070226104836.0 008 941221s1957 it u000 u ita u 035 $a10157631 040 $aPUL$bita 100 1 $aAstuti, Guido,$d1910-1980.$0(OLS)http://pul/name/4396 245 10$aLezioni di storia del diritto italiano :$bla formazione dello Stato moderno in Italia /$cGuido Astuti. 246 30$aFormazione dello stato moderno italiano 260 $aTorino :$bGiappichelli,$c1957. 300 $a462 p. ;$c26 cm 490 1 $aCorsi universitari 650 4$aDiritto$xStoria.$0(OLS)http://pul/subject/836 830 0$aCorsi universitari.$0(OLS)http://pul/title/3405 850 $aPUL 852 $aPUL$W1$xDP2 Diritto e Scienze Sociali 1$y65$m182 D 91$j8739$nBK-PRI$qStampati$B8739$CPULBib$Z2$F8739 $H68099 $82 941 1 $a8 961 $aDono Gabrio Lombardi. 996 $6245$aLezioni di storia del diritto italiano :$bla formazione dello Stato moderno in Italia$9(OLS)http://pul/title/9057 996 $6246$aFormazione dello stato moderno italiano$9(OLS)http://pul/title/9058 996 $6260$aTorino :$bGiappichelli$9(OLS)http://pul/publisher/48244 LEADER 00927naa a2200205 u 4500 001 000000101360 003 CaOOAMICUS 005 20070226130206.0 008 051213s1999 it u000 u ita u 035 $a11072339 040 $aIAR$bita 100 1 $aCanova, Andrea.$0(OLS)http://pul/name/63167 245 10$a[Recensione :] Cynthia M. Pyle: Milan and Lombardy in the Renaissance. Essays in cultural history /$c[Andrea Canova]. 260 $a[Milano :$bVita e pensiero],$c[1999] 300 $aS. 924-927 ;$c25 cm 600 14$aPyle, Cynthia M.$tMilan and Lombardy in the Renaissance.$0(OLS)http://pul/subject/32672 730 0 $aAevum$g[Spogli].$0(OLS)http://pul/title/11692 773 0 $tAevum$k73 (1999)$w()8026 996 $6245$a[Recensione :] Cynthia M. Pyle: Milan and Lombardy in the Renaissance. Essays in cultural history$9(OLS)http://pul/title/128264 996 $6260$a[Milano :$bVita e pensiero]$9(OLS)http://pul/publisher/79155